000 00772nam a2200253Ia 4500
003 OSt
005 20220930191208.0
006 a|||||r|||| 00| 0
007 ta
008 220926b |||||||| |||| 00| 0 eng d
024 _a8576
037 _cDissertations
040 _aCRL
_cCRL
_beng
041 _2eng
_aeng
100 _aAhuja Anurag
_9559816
110 _aUniversity of Delhi. Faculty of Medical Sciences. Department of Medicine
245 0 _aStudy of intstinal absorptive function in thyroid disorders
260 _c1990
650 _aMEDICINE
700 _a Ram B K Gu.
_9559817
700 _aUniversity of Delhi. Faculty of Medical Sciences. Department of Medicine
942 _cDIS
_2CC
999 _c893618
_d893618